| 000 | 00597cam a22002053a 4500 | ||
|---|---|---|---|
| 001 | 38526 | ||
| 003 | PGUSA | ||
| 005 | 20140828083841.0 | ||
| 008 | 120108s2012||||xxu|||||s|||||000 | eng d | ||
| 040 |
_aPGUSA _beng |
||
| 042 | _adc | ||
| 100 | 1 |
_aFleming, John Ambrose, _d1849-1945 |
|
| 245 | 1 | 0 |
_aHertzian Wave Wireless Telegraphy _h[electronic resource] / _cJohn Ambrose Fleming |
| 260 |
_bProject Gutenberg, _c2012 |
||
| 506 | _aPublic domain in the USA. | ||
| 516 | _aElectronic text | ||
| 830 | 0 |
_aProject Gutenberg _v38526 |
|
| 856 | 4 | 0 | _uhttp://www.gutenberg.org/ebooks/38526 |
| 942 | _cEB | ||
| 999 |
_c267780 _d267780 |
||